000 00316nam a2200109Ia 4500
008 230822s9999 xx 000 0 und d
041 _aeng
100 _aFLORMAN SAMUEL C.
245 _aGOOD GUYS,WISEGUYS,AND PUTTING UP BUILDINGS:A LIFE IN CONSTRUCTION
260 _bTHOMAS DELMAR LEARNING,AUSTRALIA
300 _a174
999 _c860057
_d860057